History of Indonesia - Statistics

General Stats
  • This quiz has been taken 2,332 times
    108 since last reset
  • The average score is 12 of 20
Answer Stats
Hint Answer % Correct
Country that invaded Indonesia in 1942 Japan
92%
Country that colonized Indonesia between 1816–1949 Netherlands
92%
Indonesia suffered 130,000 deaths from this type of disaster in 2004 Tsunami
89%
First President of Indonesia, 1945–1967 Sukarno
82%
Portuguese-speaking country that gained its independence from Indonesia in 2002 East Timor
80%
President who ruled as a military dictator until his resignation in 1998 Suharto
76%
19th century volcanic eruptions Krakatoa
75%
Jakarta's official former name until that country invaded Batavia
74%
Famous export of the 17th and 18th centuries Spice
74%
Mass killings of members and sympathisers of this political party took place in 1965–1966 Communist Party
57%
Supervolcano that erupted 74,000 years ago, nearly causing humans to become extinct Lake {Toba}
57%
Indonesia's name during that country's rule Dutch East Indies
55%
Island on which the Free Papua Movement has been active since the 1960s New Guinea
51%
City that was established in 2022 – planned to become Indonesia's future capital Nusantara
45%
19th century volcanic eruptions Mount Tambora
39%
"Upright" hominid species that inhabited Indonesia as far back as two million years ago Homo erectus
38%
International organisation that Indonesia became a member of in 2025 BRICS
31%
Language from which the word "Indonesia" derives Ancient Greek
28%
Name of that president's regime or an English rock band that released "Blue Monday" New Order
25%
Name for a "sea" empire – such as Indonesia's Srivijaya and Majapahit {Maritime} Empire
24%
No matching quizzes found
Score Distribution
Percent of People with Each Score
Percentile by Number Answered
Your Score History
You have not taken this quiz since the last reset